005670000a22001690004500020001800000041000800018082002000026100002000046245014700066260003100213300001200244500004800256001000500304336002700309337003300336338002800369 a0-8297-0510-40 aSPA04aG 266.023 G591m1 aGodwin, David E10aMétodos para fundar iglesias : Un manual internacional de campañas para fundar iglesias / David E. Godwin ; Wilfredo Calderón, Traductor aDeerfield, FL., USA : Vida a173 Pag aTítulo original : Church planting methods7599 atextobtxt2rdacontent 2rdamediaasin mediaciónbn 2rdacarrieravolumenbnc